MLB Teams that have Relocated from a Prior Media Market - Statistics

General Stats
  • This quiz has been taken 49 times
  • The average score is 8 of 11
Answer Stats
Prior Media Market Current Team % Correct
Montreal Washington Nationals
95%
New York Los Angeles Dodgers
89%
Kansas City Oakland Athletics
84%
Seattle Milwaukee Brewers
82%
New York San Francisco Giants
82%
Milwaukee Atlanta Braves
79%
Washington Minnesota Twins
71%
Washington Texas Rangers
71%
St. Louis Baltimore Orioles
63%
Baltimore New York Yankees
55%
Grand Rapids Cleveland Indians
45%
No matching quizzes found
Score Distribution
Percent of People with Each Score
Percentile by Number Answered
Your Score History
You have not taken this quiz